Directory of free world enterprises and collaboration in India (Record no. 364078)

000 -LEADER
fixed length control field 00468cam a22001457a 4500
008 - FIXED-LENGTH DATA ELEMENTS--GENERAL INFORMATION
fixed length control field 180718b1966 xxu||||| |||| 00| 0 eng d
082 ## - DEWEY DECIMAL CLASSIFICATION NUMBER
Classification number T2055x54 D629
245 ## - TITLE STATEMENT
Title Directory of free world enterprises and collaboration in India
260 ## - PUBLICATION, DISTRIBUTION, ETC.
Place of publication, distribution, etc. New Delhi
Name of publisher, distributor, etc. Champaksons
Date of publication, distribution, etc. 1966
300 ## - PHYSICAL DESCRIPTION
Extent 340p.
500 ## - GENERAL NOTE
General note Rs.30.00
650 ## - SUBJECT ADDED ENTRY--TOPICAL TERM
Topical term or geographic name entry element Corporations, Foreign - India - Directories
650 ## - SUBJECT ADDED ENTRY--TOPICAL TERM
Topical term or geographic name entry element Industry - India - Directories
650 ## - SUBJECT ADDED ENTRY--TOPICAL TERM
Topical term or geographic name entry element Corporations - India - Directories
Holdings
Withdrawn status Lost status Damaged status Not for loan Permanent Location Current Location Date acquired Full call number Barcode Date last seen Price effective from Koha item type
        Indian Institute of Public Administration Indian Institute of Public Administration 1994-04-06 T2055x54 D629 39868 2018-07-21 2018-07-21 Book

Powered by Koha